Top Scorer of Every Team - Statistics

General Stats
  • This quiz has been taken 32 times
  • The average score is 11 of 16
Answer Stats
Picture Answer % Correct
Lionel Messi
100%
Cristiano Ronaldo
96%
Gerd Müller
96%
Harry Kane
89%
Thierry Henry
89%
Kylian Mbappé
85%
Wayne Rooney
85%
Frank Lampard
74%
Sergio Agüero
74%
Antoine Griezmann
56%
Alessandro Del Piero
48%
Ian Rush
44%
Marco Reus
37%
Dries Mertens
33%
Andriy Shevchenko
30%
Giuseppe Meazza
26%
No matching quizzes found
Score Distribution
Percent of People with Each Score
Percentile by Number Answered
Your Score History
You have not taken this quiz